| 000 | 00788cam a2200253 4500 | ||
|---|---|---|---|
| 008 | 090401t1998 xxu||||| |||| 00| 0 eng d | ||
| 020 | _a0117021865 | ||
| 035 | _a(Sirsi) u85567 | ||
| 041 | _aeng | ||
| 050 | _a692.8 | ||
| 110 |
_aProperty Advisers to the Civil Estate _93610 |
||
| 245 | _aGC/Works/1 single stage design and build (1998) : contract for building and civil engineering major works : general conditions. | ||
| 250 | _a(New ed.) | ||
| 260 |
_aLondon _bStationery Office _c1998 |
||
| 300 | _avi,85p. ; 30cm. | ||
| 350 | _a20 | ||
| 650 | _aBUILT ENVIRONMENT-BUILDING CONTRACT FORMS | ||
| 650 | _aGC/WORKS/1 | ||
| 650 | _aGENERAL CONDITIONS OF CONTRACT | ||
| 650 | _aMAJOR WORKS | ||
| 650 | _aSINGLE STAGE DESIGN AND BUILD | ||
| 942 | _n0 | ||
| 948 | _c14/04/1998 | ||
| 999 |
_c97054 _d97054 |
||